[Event "GBR-ch72"]
[Site "Edinburgh"]
[Date "1985.07.29"]
[Round "1.3"]
[White "Chandler, Murray G"]
[Black "Pigott, John C"]
[Result "1-0"]
[WhiteElo "2525"]
[BlackElo "2330"]
[PlyCount "91"]
[EventDate "1985.07.29"]
[EventType "swiss"]
[EventRounds "11"]
[EventCountry "GBR"]
[SourceTitle "BritBase"]
[Source "John Saunders"]
[SourceDate "2020.09.07"]
[SourceVersion "1"]
[SourceVersionDate "2020.09.07"]
[SourceQuality "2"]

1. e4 c5 2. Nf3 d6 3. d4 cxd4 4. Nxd4 Nf6 5. Nc3 a6 6. Be2 e6 7. O-O Be7 8. f4
O-O 9. Kh1 Qc7 10. Bf3 Nc6 11. Nxc6 bxc6 12. Na4 Bb7 13. c4 c5 14. Nc3 Nd7 15.
Be3 Nb8 16. Qe1 Nc6 17. Rd1 Rab8 18. b3 Qa5 19. e5 Qc7 20. exd6 Bxd6 21. Na4
Ne7 22. Bxb7 Rxb7 23. Qf2 Rc8 24. Nxc5 Bxc5 25. Bxc5 Nf5 26. b4 h5 27. Qf3 g6
28. Rd2 Qb8 29. a3 a5 30. Qc3 Kh7 31. Kg1 Rxc5 32. bxc5 Qa7 33. Rd8 Qxc5+ 34.
Kh1 Ng7 35. Ra8 Qf5 36. h3 Rb1 37. Rxb1 Qxb1+ 38. Kh2 Qe4 39. Qf3 Qxc4 40. Rxa5
Nf5 41. Ra7 Kg7 42. Qf2 h4 43. Qb2+ Nd4 44. Rd7 e5 45. fxe5 Ne6 46. Qf2 1-0

[Event "GBR-ch72"]
[Site "Edinburgh"]
[Date "1985.07.29"]
[Round "1.4"]
[White "Carr, Neil L"]
[Black "Rogers, Ian"]
[Result "0-1"]
[WhiteElo "2315"]
[BlackElo "2510"]
[PlyCount "66"]
[EventDate "1985.07.29"]
[EventType "swiss"]
[EventRounds "11"]
[EventCountry "GBR"]
[SourceTitle "BritBase"]
[Source "John Saunders"]
[SourceDate "2020.09.07"]
[SourceVersion "1"]
[SourceVersionDate "2020.09.07"]
[SourceQuality "2"]

1. e4 e6 2. d4 c5 3. Nf3 cxd4 4. c3 d3 5. Bxd3 b6 6. O-O Bb7 7. c4 d6 8. Nc3
Nd7 9. Qe2 a6 10. b3 Ngf6 11. Bb2 Be7 12. Rad1 Qc7 13. Bb1 O-O 14. Nd4 Rfe8 15.
Rd3 Bf8 16. Rh3 g6 17. f4 Bg7 18. Rd3 Rad8 19. Nf3 Nxe4 20. Nxe4 Bxe4 21. Rd2
Bxb2 22. Rxb2 Bb7 23. Ng5 Nf6 24. Rd2 d5 25. cxd5 Bxd5 26. Rc2 Qa7 27. Rc3 b5+
28. Kh1 Rc8 29. Rxc8 Rxc8 30. h3 Qd4 31. Qe5 Qd2 32. Ne4 Nxe4 33. Bxe4 Qe2 0-1

[Event "GBR-ch72"]
[Site "Edinburgh"]
[Date "1985.07.29"]
[Round "1.5"]
[White "Thipsay, Praveen Mahadeo"]
[Black "Gallagher, Joseph G"]
[Result "1/2-1/2"]
[WhiteElo "2495"]
[BlackElo "2310"]
[PlyCount "42"]
[EventDate "1985.07.29"]
[EventType "swiss"]
[EventRounds "11"]
[EventCountry "GBR"]
[SourceTitle "BritBase"]
[Source "John Saunders"]
[SourceDate "2020.09.07"]
[SourceVersion "1"]
[SourceVersionDate "2020.09.07"]
[SourceQuality "2"]

1. e4 c5 2. Nf3 d6 3. d4 cxd4 4. Nxd4 Nf6 5. Nc3 a6 6. Be2 e5 7. Nb3 Be7 8. O-O
O-O 9. Be3 Be6 10. f4 Qc7 11. a4 Nbd7 12. Kh1 exf4 13. Rxf4 Ne5 14. Nd4 Rfe8
15. Nf5 Bf8 16. a5 Rac8 17. Bb6 Qd7 18. Bd4 Qc6 19. Ne3 Be7 20. Qf1 Bd8 21. b4
Rf8 1/2-1/2

[Event "GBR-ch72"]
[Site "Edinburgh"]
[Date "1985.07.29"]
[Round "1.6"]
[White "West, Guy"]
[Black "Flear, Glenn C"]
[Result "0-1"]
[WhiteElo "2310"]
[BlackElo "2475"]
[PlyCount "34"]
[EventDate "1985.07.29"]
[EventType "swiss"]
[EventRounds "11"]
[EventCountry "GBR"]
[SourceTitle "BritBase"]
[Source "John Saunders"]
[SourceDate "2020.09.07"]
[SourceVersion "1"]
[SourceVersionDate "2020.09.07"]
[SourceQuality "2"]

1. e4 e5 2. Nc3 Nf6 3. Bc4 Nc6 4. Nf3 Nxe4 5. Nxe4 d5 6. d4 dxc4 7. d5 Nd4 8.
Nxd4 Qxd5 9. Qf3 Qxd4 10. Bg5 f5 11. Nf6+ gxf6 12. Bxf6 Rg8 13. O-O Kf7 14. Bh8
Qg4 15. Qd5+ Be6 16. Qxb7 Bd6 17. h3 Qe4 0-1

[Event "GBR-ch72"]
[Site "Edinburgh"]
[Date "1985.07.29"]
[Round "1.8"]
[White "Thomas, Ian L"]
[Black "Hodgson, Julian M"]
[Result "0-1"]
[WhiteElo "2295"]
[BlackElo "2445"]
[PlyCount "55"]
[EventDate "1985.07.29"]
[EventType "swiss"]
[EventRounds "11"]
[EventCountry "GBR"]
[SourceTitle "BritBase"]
[Source "John Saunders"]
[SourceDate "2020.09.07"]
[SourceVersion "1"]
[SourceVersionDate "2020.09.07"]
[SourceQuality "2"]

1. e4 c5 2. Nc3 Nc6 3. g3 g6 4. Bg2 Bg7 5. d3 d6 6. Nge2 Nf6 7. h3 Rb8 8. f4
Bd7 9. Be3 b5 10. Qd2 b4 11. Nd5 Nxd5 12. exd5 Nd4 13. Nxd4 cxd4 14. Bf2 Qc8
15. Qe2 Rb7 16. g4 Rc7 17. Rc1 h5 18. Bh4 Ba4 19. b3 hxg4 20. hxg4 Bb5 21. Kf2
Qa6 22. Ra1 Qa3 23. Kg3 Qb2 24. Rhe1 O-O 25. Qf3 Rxc2 26. Bxe7 Re8 27. Bf1 Rxe7
28. Rxe7 0-1

[Event "GBR-ch72"]
[Site "Edinburgh"]
[Date "1985.07.29"]
[Round "1.9"]
[White "King, Daniel J"]
[Black "Muir, Andrew Joseph"]
[Result "1-0"]
[WhiteElo "2435"]
[BlackElo "2285"]
[PlyCount "81"]
[EventDate "1985.07.29"]
[EventType "swiss"]
[EventRounds "11"]
[EventCountry "GBR"]
[SourceTitle "BritBase"]
[Source "John Saunders"]
[SourceDate "2020.09.07"]
[SourceVersion "1"]
[SourceVersionDate "2020.09.07"]
[SourceQuality "2"]

1. e4 c5 2. b3 d6 3. Bb2 e6 4. f4 Nf6 5. e5 dxe5 6. fxe5 Nd5 7. Nf3 Be7 8. g3
O-O 9. c4 Nb4 10. d3 f5 11. a3 N4c6 12. h4 b6 13. Bg2 Bb7 14. Qe2 Qd7 15. O-O
Rd8 16. Rd1 Na5 17. Qc2 Bxf3 18. Bxf3 Nbc6 19. d4 cxd4 20. b4 Nxc4 21. Qxc4
Nxe5 22. Qe2 Nxf3+ 23. Qxf3 e5 24. Nd2 Rac8 25. Rac1 b5 26. Qb3+ Kh8 27. Nf3
Bf6 28. Ng5 Bxg5 29. hxg5 f4 30. Qf3 Qh3 31. Qg2 Qxg3 32. Qxg3 fxg3 33. Kg2 Rc4
34. Kxg3 h6 35. gxh6 gxh6 36. Kf3 Rdc8 37. Ke4 Rxc1 38. Rxc1 Rg8 39. Kxe5 Rd8
40. Bxd4 a6 41. Rc6 1-0

[Event "GBR-ch72"]
[Site "Edinburgh"]
[Date "1985.07.29"]
[Round "1.10"]
[White "Shovel, Kenneth"]
[Black "Watson, William N"]
[Result "0-1"]
[WhiteElo "2280"]
[BlackElo "2435"]
[PlyCount "56"]
[EventDate "1985.07.29"]
[EventType "swiss"]
[EventRounds "11"]
[EventCountry "GBR"]
[SourceTitle "BritBase"]
[Source "John Saunders"]
[SourceDate "2020.09.07"]
[SourceVersion "1"]
[SourceVersionDate "2020.09.07"]
[SourceQuality "2"]

1. d4 Nf6 2. c4 g6 3. Nc3 Bg7 4. e4 O-O 5. Nf3 d6 6. h3 a6 7. Be3 c6 8. Bd3 b5
9. O-O Nbd7 10. e5 Ne8 11. Be4 Bb7 12. e6 fxe6 13. Ng5 Nc7 14. d5 exd5 15. cxd5
c5 16. Nxh7 Kxh7 17. Qh5+ Kg8 18. Qxg6 Nf6 19. Bh6 Rf7 20. g4 b4 21. Bf5 Bc8
22. Bc2 bxc3 23. g5 Ncxd5 24. f4 Bxh3 25. Rad1 Qd7 26. Kh2 Bxf1 27. Rxf1 Qg4
28. gxf6 Nxf6 {time} 0-1

[Event "GBR-ch72"]
[Site "Edinburgh"]
[Date "1985.07.29"]
[Round "1.11"]
[White "Hartston, William Roland"]
[Black "Bryson, Douglas"]
[Result "1/2-1/2"]
[WhiteElo "2430"]
[BlackElo "2275"]
[PlyCount "63"]
[EventDate "1985.07.29"]
[EventType "swiss"]
[EventRounds "11"]
[EventCountry "GBR"]
[SourceTitle "BritBase"]
[Source "John Saunders"]
[SourceDate "2020.09.07"]
[SourceVersion "1"]
[SourceVersionDate "2020.09.07"]
[SourceQuality "2"]

1. e4 Nf6 2. e5 Nd5 3. d4 d6 4. c4 Nb6 5. exd6 cxd6 6. Be3 g6 7. h4 h5 8. d5
N8d7 9. Bd4 Nf6 10. Bd3 Bg7 11. Nh3 O-O 12. Ng5 e5 13. dxe6 Bxe6 14. Nxe6 Re8
15. O-O Rxe6 16. Nd2 Ng4 17. Bxg7 Kxg7 18. Nf3 Qf6 19. b4 Nd7 20. g3 Rae8 21.
Rc1 Nde5 22. Nxe5 Rxe5 23. Qd2 R5e7 24. Qc3 Re5 25. Qd4 Qf3 26. Rce1 Kg8 27.
Rxe5 Rxe5 28. Qxd6 Ne3 29. Qd8+ Kg7 30. fxe3 Qxg3+ 31. Kh1 Qh3+ 32. Kg1 1/2-1/2

[Event "GBR-ch72"]
[Site "Edinburgh"]
[Date "1985.07.29"]
[Round "1.12"]
[White "Knott, Simon JB"]
[Black "McNab, Colin Anderson"]
[Result "0-1"]
[WhiteElo "2275"]
[BlackElo "2420"]
[PlyCount "74"]
[EventDate "1985.07.29"]
[EventType "swiss"]
[EventRounds "11"]
[EventCountry "GBR"]
[SourceTitle "BritBase"]
[Source "John Saunders"]
[SourceDate "2020.09.07"]
[SourceVersion "1"]
[SourceVersionDate "2020.09.07"]
[SourceQuality "2"]

1. c4 d6 2. Nc3 g6 3. d4 Nd7 4. Nf3 Bg7 5. e4 e5 6. Be2 Ngf6 7. O-O O-O 8. Qc2
h6 9. Rd1 Re8 10. d5 Nh7 11. b4 a5 12. bxa5 Rxa5 13. Nd2 Nc5 14. Bb2 f5 15. Nb3
Ra6 16. Nxc5 dxc5 17. exf5 gxf5 18. Kh1 Ng5 19. Bh5 Rf8 20. f4 exf4 21. Bf3 Rg6
22. Ne2 Qd6 23. Bh5 Bxb2 24. Qxb2 Rg7 25. Rf1 f3 26. Bxf3 f4 27. Ng1 Bf5 28.
Rfe1 Qg6 29. Rac1 Kh7 30. Qf2 Ne4 31. Bxe4 Bxe4 32. Nf3 Rfg8 33. Rg1 Qh5 34.
Rc3 Rg3 35. a3 b6 36. Rb3 R8g4 37. Qe2 Bxf3 0-1

[Event "GBR-ch72"]
[Site "Edinburgh"]
[Date "1985.07.29"]
[Round "1.13"]
[White "Cummings, David H"]
[Black "Thomson, Craig"]
[Result "1/2-1/2"]
[WhiteElo "2415"]
[BlackElo "2260"]
[PlyCount "69"]
[EventDate "1985.07.29"]
[EventType "swiss"]
[EventRounds "11"]
[EventCountry "GBR"]
[SourceTitle "BritBase"]
[Source "John Saunders"]
[SourceDate "2020.09.07"]
[SourceVersion "1"]
[SourceVersionDate "2020.09.07"]
[SourceQuality "2"]

1. Nf3 Nf6 2. c4 c6 3. b3 d5 4. Bb2 Bg4 5. Ne5 Bh5 6. g3 e6 7. Bg2 Bd6 8. O-O
Qc7 9. d4 Nbd7 10. f4 dxc4 11. Nxc4 Be7 12. Nc3 Nd5 13. Qd3 b5 14. Ne3 N7f6 15.
Ncxd5 cxd5 16. h3 Qd7 17. f5 exf5 18. Qxf5 Bg6 19. Qxd7+ Kxd7 20. Nxd5 Nxd5 21.
Bxd5 Rac8 22. e4 Rc2 23. Rf2 Rhc8 24. Re1 Bh5 25. Rxc2 Rxc2 26. g4 Bg6 27. Bc1
Bb4 28. Rd1 Rxa2 29. Bf4 Bc3 30. h4 h5 31. g5 Ra1 32. Rxa1 Bxd4+ 33. Be3 Bxa1
34. Bxa7 f6 35. Be3 1/2-1/2

[Event "GBR-ch72"]
[Site "Edinburgh"]
[Date "1985.07.29"]
[Round "1.14"]
[White "Branford, John W"]
[Black "Barua, Dibyendu"]
[Result "1/2-1/2"]
[WhiteElo "2255"]
[BlackElo "2410"]
[PlyCount "39"]
[EventDate "1985.07.29"]
[EventType "swiss"]
[EventRounds "11"]
[EventCountry "GBR"]
[SourceTitle "BritBase"]
[Source "John Saunders"]
[SourceDate "2020.09.07"]
[SourceVersion "1"]
[SourceVersionDate "2020.09.07"]
[SourceQuality "2"]

1. e4 e5 2. Nc3 Nf6 3. g3 Nc6 4. Bg2 Bc5 5. Nf3 d6 6. d3 a6 7. O-O h6 8. Nd5
Be6 9. Ne3 Qd7 10. c3 Bh3 11. Nh4 Bxg2 12. Kxg2 d5 13. Qf3 dxe4 14. dxe4 Qd3
15. Nd5 Qxf3+ 16. Nxf3 O-O-O 17. Nxf6 gxf6 18. Nh4 h5 19. Kf3 Ne7 20. Be3
1/2-1/2

[Event "GBR-ch72"]
[Site "Edinburgh"]
[Date "1985.07.29"]
[Round "1.15"]
[White "Johansen, Darryl Keith"]
[Black "Bowden, Karl"]
[Result "1-0"]
[WhiteElo "2410"]
[BlackElo "2250"]
[PlyCount "73"]
[EventDate "1985.07.29"]
[EventType "swiss"]
[EventRounds "11"]
[EventCountry "GBR"]
[SourceTitle "BritBase"]
[Source "John Saunders"]
[SourceDate "2020.09.07"]
[SourceVersion "1"]
[SourceVersionDate "2020.09.07"]
[SourceQuality "2"]

1. e4 e6 2. Qe2 c5 3. d3 Nc6 4. Nf3 Nf6 5. g3 Be7 6. Bg2 O-O 7. O-O b6 8. Nbd2
Bb7 9. Re1 Qc7 10. c3 Rad8 11. Nf1 Ba6 12. h3 d6 13. Bd2 Nd7 14. Bf4 Nde5 15.
Rad1 c4 16. dxc4 Bxc4 17. Qc2 Bf6 18. Ne3 Nxf3+ 19. Bxf3 Ba6 20. Qa4 Bb7 21.
Qc4 Rd7 22. Bg2 Rfd8 23. Qe2 Qc8 24. Ng4 Be7 25. c4 Qa8 26. b3 Bf8 27. Bg5 Be7
28. Bc1 Bf8 29. Bb2 Ne7 30. h4 f5 31. exf5 Nxf5 32. Qxe6+ Rf7 33. Bxb7 Qxb7 34.
Ne5 Nxh4 35. gxh4 dxe5 36. Rxd8 Qf3 37. Rxf8+ 1-0

[Event "GBR-ch72"]
[Site "Edinburgh"]
[Date "1985.07.29"]
[Round "1.16"]
[White "Emms, John"]
[Black "Martin, Andrew D"]
[Result "1/2-1/2"]
[WhiteElo "2245"]
[BlackElo "2410"]
[PlyCount "28"]
[EventDate "1985.07.29"]
[EventType "swiss"]
[EventRounds "11"]
[EventCountry "GBR"]
[SourceTitle "BritBase"]
[Source "John Saunders"]
[SourceDate "2020.09.07"]
[SourceVersion "1"]
[SourceVersionDate "2020.09.07"]
[SourceQuality "2"]

1. e4 c5 2. Nf3 Nc6 3. c3 e6 4. d4 d5 5. exd5 exd5 6. Bb5 Bd6 7. O-O Nge7 8.
dxc5 Bxc5 9. Nbd2 O-O 10. Nb3 Bb6 11. Re1 Bg4 12. Be3 Bxe3 13. Rxe3 Nf5 14. Re1
Nd6 1/2-1/2

[Event "GBR-ch72"]
[Site "Edinburgh"]
[Date "1985.07.29"]
[Round "1.17"]
[White "Condie, Mark L"]
[Black "Mooney, David P"]
[Result "1-0"]
[WhiteElo "2405"]
[BlackElo "2245"]
[PlyCount "119"]
[EventDate "1985.07.29"]
[EventType "swiss"]
[EventRounds "11"]
[EventCountry "GBR"]
[SourceTitle "BritBase"]
[Source "John Saunders"]
[SourceDate "2020.09.07"]
[SourceVersion "1"]
[SourceVersionDate "2020.09.07"]
[SourceQuality "2"]

1. d4 d5 2. Bf4 Nf6 3. Nf3 c5 4. e3 Qb6 5. Nc3 c4 6. Rb1 Na6 7. Be2 e6 8. a3
Bd6 9. Ne5 Nd7 10. O-O Nxe5 11. dxe5 Be7 12. b4 O-O 13. e4 d4 14. Na4 Qc7 15.
Qxd4 b5 16. Nc3 Bd7 17. Bg3 Nb8 18. Rfd1 a5 19. Nd5 exd5 20. e6 Qa7 21. exd7
Qxd4 22. Rxd4 axb4 23. axb4 Nxd7 24. Rxd5 Nf6 25. Re5 Rfe8 26. Bf3 Ra2 27. Rc1
Bxb4 28. Rxb5 Bd2 29. Rd1 c3 30. e5 Nd7 31. Bc6 Ra7 32. Rd5 Re7 33. Kf1 g5 34.
f3 Kg7 35. Bf2 Rc7 36. Bxd7 Rcxd7 37. Rxd7 Rxd7 38. Be3 Kg6 39. Ke2 Rd5 40.
Bxd2 cxd2 41. Rxd2 Rxe5+ 42. Kd3 Kf5 43. c4 h5 44. Rc2 Re6 45. c5 Rc6 46. Kc4
Ke6 47. Rd2 Ra6 48. Kb5 Ra3 49. c6 Rc3 50. Kb6 h4 51. h3 f5 52. Kb7 Rb3+ 53.
Kc8 Rc3 54. c7 Ke7 55. Re2+ Kf6 56. Rb2 Ke5 57. Kb7 Kf4 58. c8=Q Rxc8 59. Kxc8
Kg3 60. Kd7 1-0

[Event "GBR-ch72"]
[Site "Edinburgh"]
[Date "1985.07.29"]
[Round "1.18"]
[White "Jackson, Oliver A"]
[Black "Basman, Michael John"]
[Result "0-1"]
[WhiteElo "2230"]
[BlackElo "2400"]
[PlyCount "60"]
[EventDate "1985.07.29"]
[EventType "swiss"]
[EventRounds "11"]
[EventCountry "GBR"]
[SourceTitle "BritBase"]
[Source "John Saunders"]
[SourceDate "2020.09.07"]
[SourceVersion "1"]
[SourceVersionDate "2020.09.07"]
[SourceQuality "2"]

1. e4 e6 2. d4 a6 3. a4 d5 4. Nc3 Bb4 5. e5 Ne7 6. Nf3 c5 7. Bd2 Nbc6 8. Ne2
Bxd2+ 9. Qxd2 Qc7 10. c3 Bd7 11. Nc1 cxd4 12. cxd4 Nf5 13. g4 Nfe7 14. Bd3 f6
15. Qc2 Qa5+ 16. Ke2 Qb4 17. Qd2 Qxd2+ 18. Kxd2 fxe5 19. dxe5 O-O 20. Ke2 Rf4
21. Nb3 Raf8 22. Nbd2 Nb4 23. Bb1 Rxg4 24. Rc1 Nec6 25. Ra3 Be8 26. h3 Rgf4 27.
Ke1 Bh5 28. Ng5 Rxf2 29. Re3 d4 30. Re4 Rg2 0-1

[Event "GBR-ch72"]
[Site "Edinburgh"]
[Date "1985.07.29"]
[Round "1.19"]
[White "Bellin, Robert"]
[Black "Mannion, Stephen R"]
[Result "0-1"]
[WhiteElo "2395"]
[BlackElo "2215"]
[PlyCount "84"]
[EventDate "1985.07.29"]
[EventType "swiss"]
[EventRounds "11"]
[EventCountry "GBR"]
[SourceTitle "BritBase"]
[Source "John Saunders"]
[SourceDate "2020.09.07"]
[SourceVersion "1"]
[SourceVersionDate "2020.09.07"]
[SourceQuality "2"]

1. e4 e5 2. Nf3 Nc6 3. Bb5 a6 4. Ba4 Nf6 5. O-O Be7 6. Re1 b5 7. Bb3 O-O 8. d3
d6 9. c3 Na5 10. Bc2 c5 11. Nbd2 Re8 12. Nf1 g6 13. h3 Bf8 14. Bg5 Bg7 15. N3h2
h6 16. Bh4 Bb7 17. Ng4 g5 18. Bg3 Nxg4 19. hxg4 d5 20. exd5 Bxd5 21. Ne3 Be6
22. Qf3 Qf6 23. Qe4 Rad8 24. Re2 b4 25. Ba4 Rf8 26. Nf5 Bxf5 27. gxf5 bxc3 28.
bxc3 Qd6 29. Rd1 c4 30. dxc4 Qa3 31. c5 Qxc5 32. Rxd8 Rxd8 33. Bc2 Qxc3 34. f6
Bxf6 35. Qh7+ Kf8 36. Qxh6+ Ke7 37. Bxe5 Qa1+ 38. Kh2 Bxe5+ 39. f4 gxf4 40.
Qxf4 Rh8+ 41. Kg3 Qc3+ 42. Kf2 f6 0-1

[Event "GBR-ch72"]
[Site "Edinburgh"]
[Date "1985.07.29"]
[Round "1.20"]
[White "Wiley, Tom E"]
[Black "Kosten, Anthony C"]
[Result "0-1"]
[WhiteElo "2225"]
[BlackElo "2395"]
[PlyCount "68"]
[EventDate "1985.07.29"]
[EventType "swiss"]
[EventRounds "11"]
[EventCountry "GBR"]
[SourceTitle "BritBase"]
[Source "John Saunders"]
[SourceDate "2020.09.07"]
[SourceVersion "1"]
[SourceVersionDate "2020.09.07"]
[SourceQuality "2"]

1. c4 e5 2. Nc3 Nc6 3. g3 g6 4. Bg2 Bg7 5. e3 d6 6. Nge2 Nge7 7. O-O O-O 8. Rb1
Bf5 9. d3 a5 10. a3 Qd7 11. b4 axb4 12. axb4 Bh3 13. b5 Bxg2 14. Kxg2 Nd8 15.
Nd5 Ne6 16. Nec3 Nc8 17. Bd2 f5 18. f4 c6 19. bxc6 bxc6 20. Nb6 Nxb6 21. Rxb6
Qa7 22. Rxc6 Qb7 23. Qf3 e4 24. Nxe4 fxe4 25. Qxe4 Rae8 26. Qf3 Be5 27. Qd5 Qb2
28. Rf2 Kh8 29. Ba5 Qa1 30. Bb4 Ng7 31. g4 Qd1 32. h3 Nf5 33. gxf5 gxf5 34. h4
Rg8+ 0-1

[Event "GBR-ch72"]
[Site "Edinburgh"]
[Date "1985.07.29"]
[Round "1.21"]
[White "Pritchett, Craig William"]
[Black "Jackson, Sheila"]
[Result "1-0"]
[WhiteElo "2395"]
[BlackElo "2225"]
[PlyCount "89"]
[EventDate "1985.07.29"]
[EventType "swiss"]
[EventRounds "11"]
[EventCountry "GBR"]
[SourceTitle "BritBase"]
[Source "John Saunders"]
[SourceDate "2020.09.07"]
[SourceVersion "1"]
[SourceVersionDate "2020.09.07"]
[SourceQuality "2"]

1. e4 e5 2. Nf3 Nc6 3. Bb5 a6 4. Ba4 Nf6 5. O-O Be7 6. Re1 b5 7. Bb3 d6 8. c3
O-O 9. h3 Nb8 10. d4 Nbd7 11. Nbd2 Bb7 12. Bc2 Re8 13. Nf1 Bf8 14. Ng3 g6 15.
a4 c5 16. d5 c4 17. Bg5 h6 18. Be3 Nc5 19. Qd2 Kh7 20. Ra3 Bg7 21. Rea1 Rb8 22.
Qd1 Re7 23. Nd2 Nfd7 24. axb5 axb5 25. b4 cxb3 26. Nxb3 Na4 27. Nd2 Nac5 28.
Qb1 Qc8 29. Qb4 Bf6 30. Ra5 Ba6 31. Qa3 Rb6 32. Nb3 Bb7 33. Nxc5 Nxc5 34. Bd3
Rc7 35. Bxb5 Bg5 36. Bxg5 hxg5 37. c4 g4 38. Kh2 gxh3 39. gxh3 Qd8 40. Ra7 Bc8
41. Rxc7 Qxc7 42. Qf3 Ba6 43. Qf6 Kg8 44. Nf5 gxf5 45. Qh6 1-0

[Event "GBR-ch72"]
[Site "Edinburgh"]
[Date "1985.07.29"]
[Round "1.22"]
[White "Morrison, Chris"]
[Black "Arkell, Keith C"]
[Result "0-1"]
[WhiteElo "2205"]
[BlackElo "2385"]
[PlyCount "107"]
[EventDate "1985.07.29"]
[EventType "swiss"]
[EventRounds "11"]
[EventCountry "GBR"]
[SourceTitle "BritBase"]
[Source "John Saunders"]
[SourceDate "2020.09.07"]
[SourceVersion "1"]
[SourceVersionDate "2020.09.07"]
[SourceQuality "2"]

1. e4 e6 2. d4 d5 3. Nd2 Nf6 4. e5 Nfd7 5. f4 c5 6. c3 Nc6 7. Ndf3 Qb6 8. g3
cxd4 9. cxd4 Bb4+ 10. Kf2 f5 11. Kg2 Be7 12. h3 a5 13. g4 g6 14. gxf5 gxf5 15.
Ng5 Bxg5 16. Qh5+ Kd8 17. Qxg5+ Ne7 18. Kh2 Qxd4 19. Nf3 Qf2+ 20. Qg2 Qxg2+ 21.
Kxg2 Nc5 22. Be3 Ne4 23. Rc1 Nc6 24. Bb5 Bd7 25. Kh2 Ke7 26. Rhg1 Rhg8 27. Bb6
h6 28. Bxc6 bxc6 29. Rxg8 Rxg8 30. Bxa5 c5 31. Nd2 Nf2 32. Rxc5 Nd3 33. Rc3
Nxf4 34. Rg3 Ra8 35. Bb4+ Kf7 36. a3 d4 37. Rf3 Ne2 38. Ne4 Bc6 39. Nd6+ Kg6
40. Rd3 f4 41. Bd2 Kh7 42. Bxf4 Nxf4 43. Rxd4 Rg8 44. Rd2 Nd3 45. h4 Nxe5 46.
Rc2 Nf3+ 47. Kh3 Nd4 48. Rf2 e5 49. b4 Nf3 50. Nf5 e4 51. Rg2 Bd7 52. Rxg8 Kxg8
53. b5 e3 54. Kg3 0-1

[Event "GBR-ch72"]
[Site "Edinburgh"]
[Date "1985.07.29"]
[Round "1.23"]
[White "Teichmann, Erik OMC"]
[Black "Waddingham, Graham A"]
[Result "1-0"]
[WhiteElo "2385"]
[BlackElo "2264"]
[PlyCount "135"]
[EventDate "1985.07.29"]
[EventType "swiss"]
[EventRounds "11"]
[EventCountry "GBR"]
[SourceTitle "BritBase"]
[Source "John Saunders"]
[SourceDate "2020.09.07"]
[SourceVersion "1"]
[SourceVersionDate "2020.09.07"]
[SourceQuality "2"]

1. b4 e5 2. Bb2 Bxb4 3. Bxe5 Nf6 4. c4 O-O 5. e3 Nc6 6. Bb2 d5 7. cxd5 Nxd5 8.
Nf3 Re8 9. Be2 Bg4 10. O-O Qd6 11. h3 Bxf3 12. Bxf3 Rad8 13. Qb3 Na5 14. Qc2
Qg6 15. Rc1 c6 16. d4 Nb6 17. Nd2 Qxc2 18. Rxc2 Na4 19. Nc4 Nxc4 20. Rxc4 a5
21. Bc1 b5 22. Rxc6 Rc8 23. a3 Bc3 24. Rb1 b4 25. axb4 Bxb4 26. Ra1 Nc3 27. Kf1
g6 28. Bd2 Rxc6 29. Bxc6 Rc8 30. Bb7 Rc7 31. Bf3 Ra7 32. Rc1 Nb5 33. Ke2 Bxd2
34. Kxd2 a4 35. Ra1 Nd6 36. Bd5 Ra5 37. e4 a3 38. f3 Ra4 39. Ke3 Kg7 40. Bc6
Nc4+ 41. Kf4 Ra5 42. Bd5 g5+ 43. Kg3 Ne3 44. Bb3 f5 45. Kf2 f4 46. g3 Kf6 47.
h4 h6 48. hxg5+ hxg5 49. Ke2 Ng2 50. gxf4 Nxf4+ 51. Ke3 Ng2+ 52. Kd3 Nf4+ 53.
Kc4 Ra7 54. Kc5 Nd3+ 55. Kb6 Ra8 56. e5+ Nxe5 57. dxe5+ Kxe5 58. Kc5 Kf4 59.
Bd1 Rd8 60. Kc4 Rxd1 61. Rxd1 Kxf3 62. Kd3 g4 63. Rf1+ Kg2 64. Ke2 Kh2 65. Ra1
a2 66. Kf2 g3+ 67. Kf3 g2 68. Kf2 1-0

[Event "GBR-ch72"]
[Site "Edinburgh"]
[Date "1985.07.29"]
[Round "1.24"]
[White "Buckmire, Ron"]
[Black "Hindle, Owen M"]
[Result "1-0"]
[WhiteElo "2200"]
[BlackElo "2380"]
[PlyCount "55"]
[EventDate "1985.07.29"]
[EventType "swiss"]
[EventRounds "11"]
[EventCountry "GBR"]
[SourceTitle "BritBase"]
[Source "John Saunders"]
[SourceDate "2020.09.07"]
[SourceVersion "1"]
[SourceVersionDate "2020.09.07"]
[SourceQuality "2"]

1. d4 Nf6 2. Bg5 d6 3. Bxf6 gxf6 4. e3 c6 5. Qh5 Qb6 6. b3 Na6 7. c3 d5 8. Ne2
Nc7 9. Nd2 c5 10. Nf4 f5 11. Nd3 cxd4 12. cxd4 Qg6 13. Qf3 Qd6 14. Rc1 Bd7 15.
Ne5 Rc8 16. Bd3 e6 17. g4 Bg7 18. Nxd7 Kxd7 19. gxf5 e5 20. Qg4 Bf6 21. dxe5
Qxe5 22. Qa4+ Kd8 23. Qxa7 Qb2 24. Ke2 Re8 25. Qb6 Qe5 26. Nf3 Qe7 27. Bb5 Bb2
28. Rhd1 1-0

[Event "GBR-ch72"]
[Site "Edinburgh"]
[Date "1985.07.29"]
[Round "1.25"]
[White "Horner, Jeff"]
[Black "McDonald, Neil R"]
[Result "1/2-1/2"]
[WhiteElo "2375"]
[BlackElo "2216"]
[PlyCount "84"]
[EventDate "1985.07.29"]
[EventType "swiss"]
[EventRounds "11"]
[EventCountry "GBR"]
[SourceTitle "BritBase"]
[Source "John Saunders"]
[SourceDate "2020.09.07"]
[SourceVersion "1"]
[SourceVersionDate "2020.09.07"]
[SourceQuality "2"]

1. e4 d6 2. d4 Nf6 3. Nc3 g6 4. Nf3 Bg7 5. Be2 O-O 6. O-O Nc6 7. d5 Ne5 8. Nxe5
dxe5 9. Be3 e6 10. Bc5 Re8 11. Bc4 exd5 12. exd5 c6 13. dxc6 bxc6 14. Qxd8 Rxd8
15. Rfd1 Rxd1+ 16. Rxd1 Bf5 17. Bb3 Nd7 18. Be3 Nf8 19. Rd6 Ne6 20. Rxc6 Nd4
21. Ra6 h5 22. f3 Bxc2 23. Bd5 Rb8 24. Rxa7 Rxb2 25. Bxf7+ Kh7 26. h4 Bd3 27.
Nd5 Ne2+ 28. Kh2 Nd4 29. Bxd4 exd4 30. Nf4 Bf5 31. Be6 Kh6 32. Bxf5 gxf5 33.
Ne6 Be5+ 34. f4 Rb6 35. fxe5 Rxe6 36. Ra5 d3 37. Rd5 f4 38. Kg1 Kg6 39. Kf2 Kf5
40. a4 Ra6 41. Rd4 Kxe5 42. Rxd3 Rxa4 1/2-1/2